01014nam a2200193 a 450000100100000000500170001000800410002702000180006804000250008610000440011124502010015526000480035630000200040470000430042495201200046795201110058795201050069899900170080300003684120200930075953.0120202s2012 dr ac 000 0 spa d a9789945877922 aDO-SdBNPbspacBNPHU1 aPeña Guillén, José Elías96318810aFundamentos y guía para la elaboración de pruebas prácticas de técnicos/maestros técnicos /cJosé Elías, Peña Guillén ; colaboración Julián Martínez Villanueva... [et al.]. aSanto Domingo :bEditora de Revista,c2012. a90 p. ;c29 cm.12aMartínez Villanueva, Julián963189 001054708DSaGRbGRcCTd2012-02-02iLF1l0o p36841-30r2020-06-25te. 3w2020-06-25yLFDSZPréstamo en sala 0010718PDaPDbPDcCTd2012-02-02iLF1l0o p36841-10r2020-06-25te. 2w2020-06-25yLFPDZNo se presta 0010718PDaPDbPDcCTd2012-02-02iLF1l0o p36841-20r2020-06-25w2020-06-25yLFPDZNo se presta c36332d36332